[Event "Silkeborg"]
[Site "Silkeborg"]
[Date "1988.??.??"]
[Round "6"]
[White "Nielsen, Jorgen G"]
[Black "Jelling, Erik"]
[Result "1/2-1/2"]
[WhiteElo "2260"]
[BlackElo "2350"]
[PlyCount "122"]
[EventDate "1988.10.??"]
[EventType "tourn"]
[EventRounds "9"]
[EventCountry "DEN"]
[EventCategory "8"]
[Source "ChessBase"]
[SourceDate "1996.11.15"]

1. e4 c6 2. d4 d5 3. exd5 cxd5 4. c4 Nf6 5. Nc3 e6 6. Nf3 Be7 7. cxd5 Nxd5 8.
Bd3 Nc6 9. O-O O-O 10. a3 Bf6 11. Be3 Nxc3 12. bxc3 e5 13. dxe5 Nxe5 14. Nxe5
Bxe5 15. Bxh7+ Kxh7 16. Qh5+ Kg8 17. Qxe5 Qe8 18. Qg3 Qc6 19. Bd4 Qg6 20. Qxg6
fxg6 21. Rfe1 Bd7 22. Re7 Rf7 23. Re3 a6 24. Rb1 Bc6 25. Rbe1 Bd7 26. Rg3 Kh7
27. Rge3 Kg8 28. h4 Rc8 29. Rg3 Kh7 30. Re5 Re8 31. h5 gxh5 32. Rxh5+ Kg8 33.
f3 Bb5 34. Rhg5 Ree7 35. Be5 Rd7 36. Bd4 Bd3 37. R3g4 Bc2 38. Kf2 Bf5 39. Rh4
Bc2 40. Rgh5 Rfe7 41. Rh8+ Kf7 42. Rf4+ Ke6 43. c4 Rf7 44. Re8+ Rfe7 45. Rxe7+
Rxe7 46. Rg4 g6 47. Rg5 Rc7 48. Re5+ Kf7 49. Bc5 Bb3 50. Bd6 Rxc4 51. Re7+ Kf6
52. Rxb7 Ba4 53. Bb4 Rc2+ 54. Ke3 Rxg2 55. Rb6+ Ke5 56. Bc3+ Kd5 57. Rxa6 Bb5
58. Ra8 Re2+ 59. Kf4 Ra2 60. Bb4 Kc4 61. Rc8+ Kb3 1/2-1/2

[Event "Silkeborg"]
[Site "Silkeborg"]
[Date "1988.??.??"]
[Round "1"]
[White "Rasmussen, Karsten"]
[Black "Farago, Ivan"]
[Result "0-1"]
[WhiteElo "2480"]
[BlackElo "2475"]
[PlyCount "80"]
[EventDate "1988.10.??"]
[EventType "tourn"]
[EventRounds "9"]
[EventCountry "DEN"]
[EventCategory "8"]
[Source "ChessBase"]
[SourceDate "1996.11.15"]

1. c4 Nf6 2. g3 c6 3. Nf3 d5 4. b3 Bg4 5. Bg2 e6 6. O-O Nbd7 7. Bb2 Bd6 8. d3
O-O 9. Nbd2 a5 10. a3 h6 11. Qc2 e5 12. e4 dxe4 13. dxe4 Re8 14. Nh4 Bc5 15. h3
Be2 16. Rfe1 Bh5 17. Ndf3 Bxf3 18. Nxf3 Qc7 19. Bc3 Bf8 20. b4 axb4 21. axb4
Rxa1 22. Rxa1 Nb6 23. c5 Nbd7 24. Nd2 b6 25. cxb6 Nxb6 26. Bf1 Nfd7 27. Qb3 Rb8
28. Ra6 c5 29. b5 c4 30. Qa2 Rc8 31. Nxc4 Bc5 32. Ba5 Qd8 33. Bxb6 Nxb6 34.
Nxb6 Bxb6 35. Bc4 Bxf2+ 36. Kg2 Bxg3 37. Bxf7+ Kh8 38. Kxg3 Qg5+ 39. Kh2 Qf4+
40. Kg2 Qxe4+ 0-1

[Event "Silkeborg"]
[Site "Silkeborg"]
[Date "1988.??.??"]
[Round "6"]
[White "Rasmussen, Karsten"]
[Black "Jacobsen, Bo"]
[Result "0-1"]
[WhiteElo "2480"]
[BlackElo "2280"]
[PlyCount "82"]
[EventDate "1988.10.??"]
[EventType "tourn"]
[EventRounds "9"]
[EventCountry "DEN"]
[EventCategory "8"]
[Source "ChessBase"]
[SourceDate "1996.11.15"]

1. g3 e5 2. c4 g6 3. Bg2 Bg7 4. Nc3 f5 5. d3 Nf6 6. e4 fxe4 7. dxe4 d6 8. Nge2
Be6 9. Nd5 c5 10. O-O Nc6 11. f4 Bg4 12. h3 Bxe2 13. Qxe2 Nd4 14. Qd3 O-O 15.
Rb1 Nxd5 16. exd5 Qd7 17. b4 b6 18. Be3 Rae8 19. bxc5 bxc5 20. Rbe1 Qf5 21. Qd2
Qc2 22. Rf2 Qxc4 23. Rc1 Qb5 24. Kh2 Nf5 25. fxe5 Bxe5 26. Bf4 Bd4 27. Bf1 Qa4
28. Re2 Rxe2+ 29. Bxe2 Rb8 30. Rc2 Re8 31. Qd3 Be3 32. Qb5 Qxb5 33. Bxb5 Re7
34. Bxe3 Rxe3 35. Rg2 Nd4 36. Rb2 Kg7 37. Bc6 Kf6 38. Kg2 Re2+ 39. Rxe2 Nxe2
40. Kf3 Nc3 41. a3 Ke5 0-1

[Event "Silkeborg"]
[Site "Silkeborg"]
[Date "1988.??.??"]
[Round "3"]
[White "Rasmussen, Karsten"]
[Black "Nielsen, Jorgen G"]
[Result "1-0"]
[WhiteElo "2480"]
[BlackElo "2260"]
[PlyCount "55"]
[EventDate "1988.10.??"]
[EventType "tourn"]
[EventRounds "9"]
[EventCountry "DEN"]
[EventCategory "8"]
[Source "ChessBase"]
[SourceDate "1996.11.15"]

1. c4 Nf6 2. g3 g6 3. Bg2 Bg7 4. Nc3 O-O 5. d4 d6 6. e4 c5 7. d5 e6 8. Nge2
exd5 9. exd5 Bf5 10. h3 h5 11. O-O Qd7 12. Kh2 Na6 13. Bf4 Nc7 14. Qd2 Rfe8 15.
a4 a6 16. f3 Qe7 17. Rae1 Qf8 18. g4 hxg4 19. fxg4 Bd7 20. Qd3 Reb8 21. Ng3 b5
22. Nge4 bxc4 23. Qg3 Nfe8 24. Nxd6 g5 25. Nxf7 gxf4 26. Rxf4 Nf6 27. g5 Kxf7
28. gxf6 1-0

[Event "Silkeborg"]
[Site "Silkeborg"]
[Date "1988.??.??"]
[Round "9"]
[White "Schandorff, Lars"]
[Black "Davies, Nigel"]
[Result "1/2-1/2"]
[WhiteElo "2400"]
[BlackElo "2450"]
[PlyCount "32"]
[EventDate "1988.10.??"]
[EventType "tourn"]
[EventRounds "9"]
[EventCountry "DEN"]
[EventCategory "8"]
[Source "ChessBase"]
[SourceDate "1996.11.15"]

1. d4 d6 2. e4 g6 3. Nc3 Bg7 4. Be3 a6 5. a4 b6 6. Nf3 Bb7 7. Bd3 Nf6 8. h3 Nc6
9. O-O O-O 10. Qd2 Nb4 11. Bh6 Nxd3 12. Bxg7 Kxg7 13. Qxd3 e6 14. Rfe1 Nh5 15.
Qe3 Qe7 16. e5 Kh8 1/2-1/2

[Event "Silkeborg"]
[Site "Silkeborg"]
[Date "1988.??.??"]
[Round "5"]
[White "Schandorff, Lars"]
[Black "Jelling, Erik"]
[Result "1-0"]
[WhiteElo "2400"]
[BlackElo "2350"]
[PlyCount "105"]
[EventDate "1988.10.??"]
[EventType "tourn"]
[EventRounds "9"]
[EventCountry "DEN"]
[EventCategory "8"]
[Source "ChessBase"]
[SourceDate "1996.11.15"]

1. d4 d5 2. c4 c6 3. Nf3 Nf6 4. Nc3 dxc4 5. a4 Bf5 6. Ne5 e6 7. f3 Bb4 8. e4
Bxe4 9. fxe4 Nxe4 10. Bd2 Qxd4 11. Nxe4 Qxe4+ 12. Qe2 Bxd2+ 13. Kxd2 Qd5+ 14.
Kc2 Na6 15. Nxc4 Qf5+ 16. Kc3 O-O-O 17. Qe5 Qf2 18. Qe3 Qxe3+ 19. Nxe3 Nc7 20.
Nc4 Rd5 21. Be2 Rhd8 22. Rad1 f6 23. Bf3 Rxd1 24. Bxd1 Nd5+ 25. Kb3 Kc7 26. Bc2
h6 27. Re1 Re8 28. Bg6 Re7 29. g3 Kd7 30. h4 Kc7 31. Kc2 Kd8 32. Kb3 Kc7 33.
Ka3 Kd7 34. b4 Kc7 35. Kb3 Kd7 36. b5 cxb5 37. axb5 Kc7 38. Be4 Nb6 39. Na5 Kb8
40. Bxb7 Rxb7 41. Nxb7 Kxb7 42. Rxe6 Nc8 43. h5 Kc7 44. Re8 Nd6 45. Re7+ Kd8
46. Rxg7 Nxb5 47. Rh7 Nd4+ 48. Kc4 Nf5 49. g4 Ne3+ 50. Kc5 Ke8 51. Kd6 Kf8 52.
Ke6 Nxg4 53. Rxa7 1-0

[Event "Silkeborg"]
[Site "Silkeborg"]
[Date "1988.??.??"]
[Round "2"]
[White "Schandorff, Lars"]
[Black "Jacobsen, Bo"]
[Result "1-0"]
[WhiteElo "2400"]
[BlackElo "2280"]
[PlyCount "111"]
[EventDate "1988.10.??"]
[EventType "tourn"]
[EventRounds "9"]
[EventCountry "DEN"]
[EventCategory "8"]
[Source "ChessBase"]
[SourceDate "1996.11.15"]

1. d4 Nf6 2. c4 g6 3. Nc3 Bg7 4. e4 O-O 5. Be2 d6 6. Bg5 h6 7. Be3 e5 8. d5 a5
9. Qd2 h5 10. f3 Na6 11. h4 Nh7 12. g4 Bd7 13. O-O-O f5 14. exf5 gxf5 15. gxf5
Bxf5 16. Nh3 Qd7 17. Nf2 b6 18. Rdg1 Nc5 19. Rg3 Kh8 20. Nfe4 a4 21. Rhg1 Rg8
22. Bh6 Nxe4 23. fxe4 Bxh6 24. Rxg8+ Rxg8 25. Rxg8+ Kxg8 26. Qxh6 Bg4 27. Qg6+
Qg7 28. Qxg7+ Kxg7 29. Kd2 Nf6 30. Ke3 a3 31. b3 Bxe2 32. Kxe2 Nd7 33. Nb5 Nc5
34. Nxa3 Nxe4 35. Nb5 Kf6 36. Nxc7 Ng3+ 37. Kf2 Nf5 38. a4 e4 39. b4 Ke5 40. a5
bxa5 41. bxa5 e3+ 42. Kf3 Kd4 43. Ne6+ Kd3 44. Nf4+ Kd2 45. a6 Nxh4+ 46. Kg3
Ng6 47. Ng2 h4+ 48. Kh2 e2 49. a7 Nf4 50. a8=Q Nxg2 51. Qa5+ Kd1 52. Qa1+ Kd2
53. Qd4+ Kc2 54. Qe4+ Kd2 55. Qxg2 Kd1 56. Qg4 1-0

[Event "Silkeborg"]
[Site "Silkeborg"]
[Date "1988.??.??"]
[Round "7"]
[White "Schandorff, Lars"]
[Black "Csom, Istvan"]
[Result "1/2-1/2"]
[WhiteElo "2400"]
[BlackElo "2495"]
[PlyCount "76"]
[EventDate "1988.10.??"]
[EventType "tourn"]
[EventRounds "9"]
[EventCountry "DEN"]
[EventCategory "8"]
[Source "ChessBase"]
[SourceDate "1996.11.15"]

1. d4 Nf6 2. c4 e6 3. Nf3 b6 4. a3 Ba6 5. Qc2 Bb7 6. Nc3 c5 7. e4 cxd4 8. Nxd4
d6 9. Bg5 a6 10. O-O-O Nbd7 11. f4 Qc7 12. Be2 Be7 13. Kb1 O-O 14. h4 Rfe8 15.
g4 Rac8 16. Rh3 Qb8 17. Bxf6 Bxf6 18. g5 Bxd4 19. Rxd4 e5 20. fxe5 Nxe5 21. Qd2
Rcd8 22. Qf4 Rf8 23. h5 f5 24. gxf6 Rxf6 25. Qe3 h6 26. Rg3 Qc7 27. Rd1 Re8 28.
Qd4 Qc5 29. Ka2 Qxd4 30. Rxd4 Bc6 31. b4 a5 32. Kb3 axb4 33. axb4 Ra8 34. Rg1
Kf8 35. Rgd1 Ke7 36. Rg1 Kf8 37. Rgd1 Ke7 38. Rg1 Kf8 1/2-1/2